01527nam a2200421 i 450000100060000000300090000600500170001500800390003201500170007104000410008804100130012904600090014208000080015108000090015910000380016824501140020624600560032026000560037630000330043233600270046533700540049233800280054638000170057438800140059165000220060565500170062765800110064470000320065570000470068771000420073485600980077694200120087499900170088695200480090395200560095195200480100795200500105512588KOSZ 00520230127114456.0070717s1970 pl a f f 000 0 pol aPB 1970/3103 aWA NcWA NdKOSZ 005/RWdKOSZ 005/HR1 apolheng k1970 a547 a(07)1 aRoberts, John D.d(1918- )eAutor10aChemia organiczna :buzupełnienie /cJohn D. Roberts, Marjorie C. Caserio ; [tł. Zofia Bańkowska et al.].1 iTyt. oryg.:aBasic principles of organic chemistry. aWarszawa :bPaństwowe Wydawnictwo Naukowe,c1970. a374, [2] s. :bil. ;c24 cm. 2rdacontentaTekstbtxt 2rdamediaaBez urządzenia pośredniczącegobn 2rdacarrieraWoluminbnc aKsiążki. a1901-2000 4aChemia organiczna 4aPodręcznik aChemia1 aCaserio, Marjorie C.eAutor1 aBańkowska, Zofiad(1914- )eTłumaczenie2 aPaństwowe Wydawnictwo Naukowe4pbl. uhttp://koha.tu.koszalin.pl/cgi-bin/koha/opac-detail.pl?biblionumber=12588yKatalog online BPK 2UKDcKS c12588d12588 00104070aBPKbBPKcwo8071p01770322yKS 00104071aBPKbBPKcco7288p01814514t547 CoyKS 00104070aBPKbBPKcwo9474p01442526yKS 00104070aBPKbBPKcwo9474/Lp02232164yKS